01085nam a2200241 4500001000700000003000900007005001700016008004100033020001500074040003900089041000800128082002100136245010500157260010200262300003200364505012400396650006800520650005200588650005800640942001200698999001900710952011400729113987DR-UNIBE20250731084922.0250731b2002 mx ||||| |||| 00| 0 spa d a9707121858 aBIBLIOTECA UNIBEcBIBLIOTECA UNIBE aspa 222a347.72 R434910aRespuesta al informe del Relator de la ONU para la independencia de Jueces y Abogados: b(Mayo 2002) aMéxico :bPoder Judicial de la Federación :b Suprema Corte de Justicia de la Nación,c2002 a211 páginas :b21 x 19 cm aI. Consideraciones previas | II. Aspectos generales de nuestro sistema constitucional | III. Contestación del informe 72lembaOrganización de las Naciones Unidas zMéxico9198040 72lembaIndependencia judicial zMéxico9198041 72lembaAdministración de justicia zMéxico9198042 2ddccBK c113987d113987 00102ddc708GENaPrincipald2025-06-10l0o347.72 R4349p250894r2025-07-31 08:45:34tEj. 1w2025-07-31yBK